| 000 | 00461pab a2200181 454500 | ||
|---|---|---|---|
| 008 | 180718b2008 xxu||||| |||| 00| 0 eng d | ||
| 100 | _aDavis, Morris A. | ||
| 245 | _aThe price of residential land in large US cities | ||
| 260 | _c2008 | ||
| 300 | _ap.352-84. | ||
| 362 | _aJan | ||
| 650 | _aLand value - United States | ||
| 650 | _aLand value | ||
| 700 | _aPalumbo, Michael G. | ||
| 773 | _aJournal of Urban Economics | ||
| 908 | _aN | ||
| 909 | _a77612 | ||
| 999 |
_c77612 _d77612 |
||